| 000 | 02153cam a22003974a 4500 | ||
|---|---|---|---|
| 001 | 32574 | ||
| 005 | 20230410121208.0 | ||
| 008 | 050926s2006 ncuab b 001 0 eng | ||
| 035 | _a14120306 | ||
| 925 | 0 |
_aacquire _b2 shelf copies _xpolicy default |
|
| 942 |
_2lcc _cbk |
||
| 010 | _a 2005028226 | ||
| 020 | _a0822337053 (hdbk. : alk. paper) | ||
| 020 | _a0822337177 (pbk. : alk. paper) | ||
| 035 | _a(OCoLC)ocm61731436 | ||
| 040 |
_aDLC _cDLC _dYDX _dUKM _dBAKER _dIXA _dCOO _dDLC |
||
| 042 | _apcc | ||
| 043 | _af------ | ||
| 050 | 1 | 4 |
_aJZ 1773 _bF352g 2006 |
| 082 | 0 | 0 |
_a327.6 _222 |
| 100 | 1 |
_aFerguson, James, _d1959- |
|
| 245 | 1 | 0 |
_aGlobal shadows : _bAfrica in the neoliberal world order / _cJames Ferguson. |
| 260 |
_aDurham [N.C.] : _bDuke University Press, _c2006. |
||
| 300 |
_ax, 257 p. : _bill., map ; _c25 cm. |
||
| 504 | _aIncludes bibliographical references (p. [211]-247) and index. | ||
| 505 | 0 | _aIntroduction: Global shadows : Africa and the world -- Globalizing Africa? : observations from an inconvenient continent -- Paradoxes of sovereignty and independence : "real" and "pseudo-" nation-states and the depoliticization of poverty -- De-moralizing economies : African socialism, scientific capitalism, and the moral politics of structural adjustment -- Transnational topographies of power : beyond "the state" and "civil society" in the study of African politics -- Chrysalis : the life and death of the African renaissance in a Zambian internet magazine -- Of mimicry and membership : Africans and the "new world society" -- Decomposing modernity : history and hierarchy after development -- Governing extraction : new spatializations of order and disorder in neoliberal Africa. | |
| 651 | 0 |
_aAfrica _xForeign relations _y1960- |
|
| 651 | 0 |
_aAfrica _xForeign economic relations. |
|
| 651 | 0 |
_aAfrica _xEconomic conditions _y1960- |
|
| 651 | 0 |
_aAfrica _xPolitics and government _y1960- |
|
| 650 | 0 | _aGlobalization. | |
| 650 | 4 | _aGlobalización. | |
| 650 | 4 |
_aGlobalización _zAfrica. |
|
| 651 | 4 |
_aÁfrica _xPolítica y gobierno. |
|
| 856 | 4 | 1 |
_3Table of contents _uhttp://www.loc.gov/catdir/toc/ecip0519/2005028226.html |
| 999 |
_c59846 _d59846 |
||